000 00436nam a2200181Ia 4500
005 20250616003016.0
008 240331s9999 xx 000 0 und d
020 _a9559545418
082 _a302
_bCIN
100 _aWijetunge,G
245 0 _aCinamawa sanskruthiya ha mathawadaya
260 _aNugegoda
_bPathama Vijayathunge
_c1994
300 _a123 p .,
650 _aCinema
650 _aCulture
650 _aIdeology
942 _cL
999 _c5083
_d5083